| 000 | 00709cam a2200169 4500 | ||
|---|---|---|---|
| 001 | WB3528-13 | ||
| 008 | 000000n1999 000 0 eng u | ||
| 035 | _a(Sirsi) u102159 | ||
| 245 | _aDownside to teleworking. | ||
| 260 | _c1999 | ||
| 490 |
_aEstates Gazette _v(9928) 17 July 1999, 112(1) |
||
| 520 | _aA report by Sulzer Infra CBX, Home or away? teleworking today, shows that the majority of teleworkers are squashed into home work areas without adequate space in environments that may not be safe or legal. Copies of the report are available from Enigma (0171 510 5950 or [email protected]). | ||
| 650 | _aWORKSTYLES | ||
| 650 | _aTELEWORKING | ||
| 690 | _aECONOMIC AND SOCIAL | ||
| 942 | _n0 | ||
| 999 |
_c61249 _d61249 |
||